| 000 | 00636nam a2200217Ii 4500 | ||
|---|---|---|---|
| 003 | JO-AjNU | ||
| 008 | 230606s9999||||xx |||||||||||||| ||und|| | ||
| 020 | _a1-292-06200-2/1-292-06200-6 | ||
| 040 |
_aJO-AjNU _beng _erda _cJO-AjNU |
||
| 041 | _aeng | ||
| 050 | 1 | 4 | _aTA625.K38 2015 |
| 100 | 3 |
_aSlattery, Dianne/Barry kavanagh, _eauthor _94489 |
|
| 245 | 0 | 0 | _aSurveying with construction Applications |
| 250 | _a8 ed | ||
| 264 | 3 | 1 | _aBoston : pearson ,2015 |
| 300 | _a618p | ||
| 336 |
_atext _btxt _2rdacontent |
||
| 337 |
_aunmediated _bn _2rdamedia |
||
| 338 |
_avolume _bnc _2rdacarrier |
||
| 650 | 4 |
_aSurveying Applications _94490 |
|
| 999 |
_aE2330 _c2328 _d2328 |
||